000 00498nam a2200157 i 4500
001 58715
003 ES-MaACL
005 20230906163852.0
007 t|
008 031023s1906 sp ||||1| spa d
100 1 _aDusmet y Alonso, José María.
_946341
245 1 4 _aLos Sphex de España /
_cpor José Mª Dusmet y Alonso y Ricardo García Mercet.
260 _aMadrid :
_b[s.n.,
_c1906]
500 _aBoletín de la Sociedad Española de Historia Natural, 1906.
852 _aES-MaACL
_jT-1475-F-1
999 _c58715
_d58715